Success in book-keeping & accounts (Record no. 27501)
[ view plain ]
| 000 -LEADER | |
|---|---|
| fixed length control field | 00434nam a2200181Ia 4500 |
| 001 - CONTROL NUMBER | |
| control field | 27363 |
| 008 - FIXED-LENGTH DATA ELEMENTS--GENERAL INFORMATION | |
| fixed length control field | 140414s9999 xx 000 0 und d |
| 020 ## - INTERNATIONAL STANDARD BOOK NUMBER | |
| International Standard Book Number | 0-7195-4194-8 |
| 040 ## - CATALOGING SOURCE | |
| Transcribing agency | PK-LaUMT |
| 082 ## - DEWEY DECIMAL CLASSIFICATION NUMBER | |
| Classification number | 657.2 |
| Item number | COX-S |
| 100 ## - MAIN ENTRY--PERSONAL NAME | |
| Personal name | David Cox |
| 245 ## - TITLE STATEMENT | |
| Title | Success in book-keeping & accounts |
| Statement of responsibility, etc | David Cox |
| 260 ## - PUBLICATION, DISTRIBUTION, ETC. (IMPRINT) | |
| Place of publication, distribution, etc | London,UK: |
| Name of publisher, distributor, etc | John Murray, |
| Date of publication, distribution, etc | 1987 |
| 300 ## - PHYSICAL DESCRIPTION | |
| Extent | 416 p. |
| 546 ## - LANGUAGE NOTE | |
| Language note | EN |
| 650 ## - SUBJECT ADDED ENTRY--TOPICAL TERM | |
| Topical term or geographic name as entry element | Accounting |
| 942 ## - ADDED ENTRY ELEMENTS (KOHA) | |
| Koha item type | Books |
| Withdrawn status | Lost status | Damaged status | Not for loan | Home library | Current library | Date acquired | Total Checkouts | Full call number | Barcode | Date last seen | Price effective from | Koha item type |
|---|---|---|---|---|---|---|---|---|---|---|---|---|
| UMT Main Campus | UMT Main Campus | 2014-04-14 | 657.2 COX-S | 30935 | 2014-04-25 | 2014-04-25 | Books |
